[Event "FIDE World Cup 2025"]
[Site "Goa, India"]
[Date "2025.11.01"]
[Round "1.10"]
[White "Siddharth, Jagadeesh"]
[Black "Cheng, Bobby"]
[Result "1/2-1/2"]
[TimeControl ": 90 minutes for the first 40 moves, followed by 30 minutes for the rest of the gamewith an increment of 30 seconds per move starting from move 1"]
[WhiteFideId "5818320"]
[BlackFideId "4300033"]
[WhiteElo "2467"]
[BlackElo "2596"]

1. e4 {[%clk 01:21:57]} {[%emt 00:09:00]} e5 {[%clk 01:30:52]} {[%emt
00:00:11]} 2. Nf3 {[%clk 01:22:02]} {[%emt 00:00:25]} Nf6 {[%clk 01:31:15]}
{[%emt 00:00:07]} 3. Nxe5 {[%clk 01:22:19]} {[%emt 00:00:13]} d6 {[%clk
01:31:39]} {[%emt 00:00:06]} 4. Nd3 {[%clk 01:22:43]} {[%emt 00:00:06]} Nxe4
{[%clk 01:32:00]} {[%emt 00:00:09]} 5. Qe2 {[%clk 01:23:06]} {[%emt 00:00:07]}
Qe7 {[%clk 01:32:02]} {[%emt 00:00:28]} 6. Nf4 {[%clk 01:23:28]} {[%emt
00:00:08]} Nf6 {[%clk 01:29:29]} {[%emt 00:03:03]} 7. d4 {[%clk 01:23:39]}
{[%emt 00:00:19]} Qxe2+ {[%clk 01:26:19]} {[%emt 00:03:41]} 8. Bxe2 {[%clk
01:24:03]} {[%emt 00:00:06]} Nc6 {[%clk 01:26:44]} {[%emt 00:00:05]} 9. c3
{[%clk 01:24:20]} {[%emt 00:00:12]} d5 {[%clk 01:25:16]} {[%emt 00:01:58]} 10.
Bf3 {[%clk 01:24:42]} {[%emt 00:00:07]} Ne7 {[%clk 01:24:30]} {[%emt 00:01:17]}
11. h4 {[%clk 01:25:05]} {[%emt 00:00:07]} c6 {[%clk 01:20:35]} {[%emt
00:04:26]} 12. h5 {[%clk 01:25:13]} {[%emt 00:00:22]} Bf5 {[%clk 01:15:55]}
{[%emt 00:05:10]} 13. Be2 {[%clk 01:11:39]} {[%emt 00:14:03]} h6 {[%clk
01:06:41]} {[%emt 00:09:45]} 14. f3 {[%clk 01:08:15]} {[%emt 00:03:54]} Bh7
{[%clk 01:04:12]} {[%emt 00:02:58]} 15. g4 {[%clk 01:08:24]} {[%emt 00:00:21]}
Nc8 {[%clk 01:02:17]} {[%emt 00:02:26]} 16. Ng2 {[%clk 00:54:35]} {[%emt
00:14:18]} Bd6 {[%clk 00:56:56]} {[%emt 00:05:51]} 17. Bf4 {[%clk 00:53:57]}
{[%emt 00:01:08]} O-O {[%clk 00:52:27]} {[%emt 00:04:59]} 18. Nd2 {[%clk
00:54:19]} {[%emt 00:00:09]} Re8 {[%clk 00:49:17]} {[%emt 00:03:41]} 19. Kf2
{[%clk 00:51:26]} {[%emt 00:03:22]} Be7 {[%clk 00:36:23]} {[%emt 00:13:24]} 20.
b4 {[%clk 00:25:51]} {[%emt 00:26:05]} a5 {[%clk 00:26:44]} {[%emt 00:10:09]}
21. a3 {[%clk 00:24:24]} {[%emt 00:01:56]} b5 {[%clk 00:19:51]} {[%emt
00:07:23]} 22. Nb3 {[%clk 00:19:08]} {[%emt 00:05:46]} axb4 {[%clk 00:20:16]}
{[%emt 00:00:05]} 23. axb4 {[%emt 00:00:12]} Nb6 {[%clk 00:20:41]} 24. Na5
{[%clk 00:17:49]} {[%emt 00:02:11]} Rec8 {[%clk 00:19:03]} {[%emt 00:02:09]} 25.
Ne3 {[%clk 00:14:03]} {[%emt 00:04:16]} Kf8 {[%clk 00:16:14]} {[%emt 00:03:19]}
26. Kg2 {[%clk 00:07:58]} {[%emt 00:06:34]} Ne8 {[%clk 00:14:22]} {[%emt
00:02:23]} 27. Ra3 {[%clk 00:03:27]} {[%emt 00:05:02]} Bd6 {[%clk 00:11:28]}
{[%emt 00:03:24]} 28. Bxd6+ {[%clk 00:02:13]} {[%emt 00:01:43]} Nxd6 {[%clk
00:11:58]} {[%emt 00:00:01]} 29. Rha1 {[%clk 00:02:42]} {[%emt 00:00:01]} Rc7
{[%clk 00:08:27]} {[%emt 00:04:01]} 30. Bf1 {[%clk 00:01:51]} {[%emt 00:01:21]}
Re8 {[%clk 00:03:39]} {[%emt 00:05:18]} 31. Kf2 {[%clk 00:02:18]} {[%emt
00:00:03]} Na4 {[%clk 00:02:31]} {[%emt 00:01:38]} 32. Re1 {[%clk 00:01:39]}
{[%emt 00:01:08]} Nb2 {[%clk 00:01:26]} {[%emt 00:01:36]} 33. Ra2 {[%clk
00:01:20]} {[%emt 00:00:49]} Na4 {[%clk 00:01:44]} {[%emt 00:00:12]} 34. Ra3
{[%clk 00:01:49]} {[%emt 00:00:02]} Nb2 {[%clk 00:02:06]} {[%emt 00:00:08]} 35.
Ra2 {[%clk 00:02:14]} {[%emt 00:00:04]} Na4 {[%clk 00:02:00]} {[%emt 00:00:37]}
1/2-1/2

[Event "FIDE World Cup 2025"]
[Site "Goa, India"]
[Date "2025.11.01"]
[Round "1.11"]
[White "Cori, Jorge"]
[Black "Ansat, Aldiyar"]
[Result "1/2-1/2"]
[TimeControl ": 90 minutes for the first 40 moves, followed by 30 minutes for the rest of the gamewith an increment of 30 seconds per move starting from move 1"]
[WhiteFideId "3802272"]
[BlackFideId "13715658"]
[WhiteElo "2594"]
[BlackElo "2470"]

1. d4 {[%clk 01:30:56]} {[%emt 00:00:03]} Nf6 {[%clk 01:30:42]} {[%emt
00:00:19]} 2. c4 {[%clk 01:31:18]} {[%emt 00:00:09]} e6 {[%clk 01:31:03]}
{[%emt 00:00:08]} 3. Nc3 {[%clk 01:31:38]} {[%emt 00:00:10]} d5 {[%clk
01:31:27]} {[%emt 00:00:07]} 4. cxd5 {[%clk 01:31:51]} {[%emt 00:00:18]} exd5
{[%clk 01:31:49]} {[%emt 00:00:07]} 5. Bg5 {[%clk 01:32:11]} {[%emt 00:00:10]}
c6 {[%clk 01:30:46]} {[%emt 00:01:34]} 6. e3 {[%clk 01:31:15]} {[%emt
00:01:26]} Bd6 {[%clk 01:31:05]} {[%emt 00:00:10]} 7. Bd3 {[%clk 01:31:00]}
{[%emt 00:00:45]} O-O {[%clk 01:31:13]} {[%emt 00:00:22]} 8. Qc2 {[%clk
01:28:07]} {[%emt 00:03:24]} h6 {[%clk 01:31:14]} {[%emt 00:00:29]} 9. Bh4
{[%clk 01:28:33]} {[%emt 00:00:04]} Re8 {[%clk 01:31:04]} {[%emt 00:00:39]} 10.
Nge2 {[%clk 01:28:56]} {[%emt 00:00:07]} b5 {[%clk 01:25:29]} {[%emt 00:06:05]}
11. Bg3 {[%clk 01:13:05]} {[%emt 00:16:22]} Na6 {[%clk 01:11:32]} {[%emt
00:14:26]} 12. a3 {[%clk 00:46:20]} {[%emt 00:27:15]} Bxg3 {[%clk 00:59:18]}
{[%emt 00:12:44]} 13. Nxg3 {[%clk 00:41:39]} {[%emt 00:05:12]} b4 {[%clk
00:58:34]} {[%emt 00:01:13]} 14. Bxa6 {[%clk 00:30:16]} {[%emt 00:11:53]} bxc3
{[%clk 00:55:46]} {[%emt 00:03:19]} 15. Bxc8 {[%clk 00:25:04]} {[%emt
00:05:42]} cxb2 {[%clk 00:56:09]} {[%emt 00:00:06]} 16. Qxb2 {[%clk 00:25:32]}
{[%emt 00:00:03]} Qxc8 {[%clk 00:56:14]} {[%emt 00:00:25]} 17. O-O {[%clk
00:25:50]} {[%emt 00:00:12]} h5 {[%clk 00:56:38]} {[%emt 00:00:06]} 18. h3
{[%clk 00:25:54]} {[%emt 00:00:25]} h4 {[%clk 00:52:29]} {[%emt 00:04:38]} 19.
Ne2 {[%clk 00:25:57]} {[%emt 00:00:27]} Ne4 {[%clk 00:52:51]} {[%emt 00:00:08]}
20. Nf4 {[%clk 00:21:41]} {[%emt 00:04:46]} Nd6 {[%clk 00:49:25]} {[%emt
00:03:56]} 21. Nd3 {[%clk 00:15:51]} {[%emt 00:06:21]} Nc4 {[%clk 00:39:39]}
{[%emt 00:10:16]} 22. Qc3 {[%clk 00:16:16]} {[%emt 00:00:05]} Qf5 {[%clk
00:39:52]} {[%emt 00:00:16]} 23. Nc5 {[%clk 00:10:12]} {[%emt 00:06:35]} Rab8
{[%clk 00:36:45]} {[%emt 00:03:37]} 24. e4 {[%clk 00:10:36]} {[%emt 00:00:05]}
Qf4 {[%clk 00:36:18]} {[%emt 00:00:57]} 25. Rad1 {[%clk 00:11:01]} {[%emt
00:00:05]} Nb2 {[%clk 00:27:10]} {[%emt 00:09:38]} 26. Rb1 {[%clk 00:08:40]}
{[%emt 00:02:50]} Nc4 {[%clk 00:27:35]} {[%emt 00:00:05]} 27. Rbd1 {[%clk
00:07:43]} {[%emt 00:01:28]} Nb2 {[%clk 00:27:59]} {[%emt 00:00:06]} 28. Rb1
{[%clk 00:06:20]} {[%emt 00:01:52]} Nc4 {[%clk 00:28:25]} {[%emt 00:00:04]} 29.
Rbd1 {[%clk 00:06:46]} {[%emt 00:00:04]} 1/2-1/2

[Event "FIDE World Cup 2025"]
[Site "Goa, India"]
[Date "2025.11.01"]
[Round "1.12"]
[White "Harshavardhan, G B"]
[Black "Yilmaz, Mustafa"]
[Result "0-1"]
[TimeControl ": 90 minutes for the first 40 moves, followed by 30 minutes for the rest of the gamewith an increment of 30 seconds per move starting from move 1"]
[WhiteFideId "25059009"]
[BlackFideId "6302718"]
[WhiteElo "2476"]
[BlackElo "2591"]

1. e4 {[%clk 01:30:21]} {[%emt 00:00:37]} c5 {[%clk 01:30:54]} {[%emt
00:00:07]} 2. Nf3 {[%clk 01:30:17]} {[%emt 00:00:34]} d6 {[%clk 01:31:20]}
{[%emt 00:00:04]} 3. d4 {[%clk 01:29:59]} {[%emt 00:00:48]} cxd4 {[%clk
01:31:45]} {[%emt 00:00:06]} 4. Nxd4 {[%clk 01:30:21]} {[%emt 00:00:08]} Nf6
{[%clk 01:32:11]} {[%emt 00:00:03]} 5. Nc3 {[%clk 01:30:41]} {[%emt 00:00:10]}
a6 {[%clk 01:32:36]} {[%emt 00:00:05]} 6. Bg5 {[%clk 01:30:59]} {[%emt
00:00:12]} e6 {[%clk 01:32:43]} {[%emt 00:00:23]} 7. Qe2 {[%clk 01:30:59]}
{[%emt 00:00:30]} Be7 {[%clk 01:29:45]} {[%emt 00:03:28]} 8. h4 {[%clk
01:31:19]} {[%emt 00:00:10]} b5 {[%clk 01:25:17]} {[%emt 00:04:58]} 9. a3
{[%clk 01:31:37]} {[%emt 00:00:12]} Bb7 {[%clk 01:22:14]} {[%emt 00:03:34]} 10.
O-O-O {[%clk 01:25:09]} {[%emt 00:06:57]} Nbd7 {[%clk 01:18:11]} {[%emt
00:04:34]} 11. g4 {[%clk 01:01:11]} {[%emt 00:24:28]} Rc8 {[%clk 01:11:55]}
{[%emt 00:06:47]} 12. Bxf6 {[%clk 00:56:43]} {[%emt 00:04:58]} Bxf6 {[%clk
01:00:08]} {[%emt 00:12:17]} 13. g5 {[%clk 00:56:03]} {[%emt 00:01:09]} Be5
{[%clk 00:58:56]} {[%emt 00:01:42]} 14. Qe3 {[%clk 00:47:27]} {[%emt 00:09:07]}
Qb6 {[%clk 00:55:15]} {[%emt 00:04:11]} 15. Bg2 {[%clk 00:45:03]} {[%emt
00:02:54]} b4 {[%clk 00:30:56]} {[%emt 00:24:49]} 16. Nce2 {[%clk 00:28:27]}
{[%emt 00:17:06]} bxa3 {[%clk 00:28:11]} {[%emt 00:03:15]} 17. Qxa3 {[%clk
00:28:51]} {[%emt 00:00:06]} Rc4 {[%clk 00:24:44]} {[%emt 00:03:57]} 18. Qe3
{[%clk 00:22:05]} {[%emt 00:07:15]} Rb4 {[%clk 00:21:26]} {[%emt 00:03:49]} 19.
b3 {[%clk 00:20:57]} {[%emt 00:01:38]} Nc5 {[%clk 00:19:41]} {[%emt 00:02:15]}
20. f4 {[%clk 00:16:25]} {[%emt 00:05:02]} O-O {[%clk 00:17:44]} {[%emt
00:02:27]} 21. fxe5 {[%clk 00:16:15]} {[%emt 00:00:40]} dxe5 {[%clk 00:18:11]}
{[%emt 00:00:03]} 22. Rh3 {[%clk 00:12:53]} {[%emt 00:03:52]} Rc8 {[%clk
00:13:56]} {[%emt 00:04:45]} 23. Kb1 {[%clk 00:12:01]} {[%emt 00:01:22]} Rd8
{[%clk 00:10:09]} {[%emt 00:04:18]} 24. h5 {[%clk 00:09:31]} {[%emt 00:02:59]}
exd4 {[%clk 00:09:27]} {[%emt 00:01:12]} 25. Rxd4 {[%clk 00:09:31]} {[%emt
00:00:30]} Rbxd4 {[%clk 00:06:57]} {[%emt 00:03:00]} 26. Nxd4 {[%clk 00:09:55]}
{[%emt 00:00:06]} Qb4 {[%clk 00:03:56]} {[%emt 00:03:31]} 27. c3 {[%clk
00:05:25]} {[%emt 00:04:59]} Qa3 {[%clk 00:04:25]} {[%emt 00:00:02]} 28. Qc1
{[%clk 00:05:27]} {[%emt 00:00:27]} Qxc1+ {[%clk 00:01:39]} {[%emt 00:03:17]}
29. Kxc1 {[%clk 00:05:51]} {[%emt 00:00:06]} e5 {[%clk 00:01:04]} {[%emt
00:01:06]} 30. Nf5 {[%clk 00:03:07]} {[%emt 00:03:13]} Nxb3+ {[%clk 00:01:19]}
{[%emt 00:00:15]} 31. Kc2 {[%clk 00:03:35]} {[%emt 00:00:02]} Nc5 {[%clk
00:01:33]} {[%emt 00:00:15]} 32. Re3 {[%clk 00:03:23]} {[%emt 00:00:42]} Kf8
{[%clk 00:01:25]} {[%emt 00:00:38]} 33. Ng3 {[%clk 00:02:41]} {[%emt 00:01:11]}
g6 {[%clk 00:01:23]} {[%emt 00:00:33]} 34. Bh3 {[%clk 00:01:51]} {[%emt
00:01:19]} Bc6 {[%clk 00:01:19]} {[%emt 00:00:35]} 35. hxg6 {[%clk 00:01:31]}
{[%emt 00:00:50]} hxg6 {[%clk 00:01:23]} {[%emt 00:00:26]} 36. Bf1 {[%clk
00:01:57]} {[%emt 00:00:04]} Ba4+ {[%clk 00:00:46]} {[%emt 00:01:07]} 37. Kb2
{[%clk 00:02:15]} {[%emt 00:00:11]} Rb8+ {[%clk 00:01:03]} {[%emt 00:00:14]} 38.
Ka3 {[%clk 00:01:41]} {[%emt 00:01:04]} Rb3+ {[%clk 00:00:53]} {[%emt
00:00:41]} 39. Ka2 {[%emt 00:00:07]} Rb6 {[%emt 00:00:12]} 40. Bc4 {[%emt
00:00:36]} Bb3+ {[%emt 00:00:41]} 41. Bxb3 {[%clk 00:02:19]} {[%emt 00:00:07]}
Nxb3 {[%clk 00:25:45]} {[%emt 00:05:46]} 42. Nf1 {[%clk 00:30:53]} {[%emt
00:01:56]} Ke7 {[%clk 00:19:32]} {[%emt 00:06:43]} 43. Ka3 {[%clk 00:26:55]}
{[%emt 00:04:28]} Nc5 {[%emt 00:09:09]} 44. Nd2 {[%emt 00:00:31]} Ne6 {[%emt
00:02:36]} 45. Nf3 {[%emt 00:00:30]} Rb1 {[%clk 00:08:02]} {[%emt 00:01:17]} 46.
c4 {[%clk 00:23:21]} {[%emt 00:04:02]} f6 {[%clk 00:04:59]} {[%emt 00:03:34]}
47. Rd3 {[%clk 00:15:51]} {[%emt 00:08:00]} Rf1 {[%clk 00:03:41]} {[%emt
00:01:48]} 48. Kb4 {[%clk 00:16:01]} {[%emt 00:00:19]} Nxg5 {[%clk 00:01:05]}
{[%emt 00:03:07]} 49. Nxg5 {[%clk 00:16:21]} {[%emt 00:00:10]} fxg5 {[%clk
00:01:33]} {[%emt 00:00:01]} 50. Kc5 {[%clk 00:10:43]} {[%emt 00:06:07]} Kf6
{[%clk 00:01:24]} {[%emt 00:00:40]} 51. Rd6+ {[%clk 00:05:09]} {[%emt
00:06:03]} Kg7 {[%clk 00:01:53]} {[%emt 00:00:02]} 52. Rd2 {[%clk 00:04:25]}
{[%emt 00:01:14]} g4 {[%clk 00:01:26]} {[%emt 00:00:58]} 53. Kd6 {[%clk
00:04:31]} {[%emt 00:00:23]} Kf6 {[%clk 00:01:20]} {[%emt 00:00:36]} 54. c5
{[%clk 00:04:57]} {[%emt 00:00:03]} Rc1 {[%clk 00:00:58]} {[%emt 00:00:52]} 55.
c6 {[%clk 00:04:31]} {[%emt 00:00:56]} Kg5 {[%clk 00:01:02]} {[%emt 00:00:26]}
56. c7 {[%clk 00:04:37]} {[%emt 00:00:23]} g3 {[%clk 00:01:03]} {[%emt
00:00:30]} 57. Rg2 {[%clk 00:04:11]} {[%emt 00:00:55]} Kf4 {[%clk 00:01:12]}
{[%emt 00:00:22]} 58. Rg1 {[%clk 00:03:05]} {[%emt 00:01:36]} Rxg1 {[%emt
00:01:05]} 59. c8=Q {[%emt 00:00:07]} Rd1+ {[%clk 00:00:53]} {[%emt 00:00:15]}
60. Ke6 {[%clk 00:02:51]} {[%emt 00:01:06]} g2 {[%clk 00:01:21]} {[%emt
00:00:03]} 61. Qf8+ {[%clk 00:02:13]} {[%emt 00:01:08]} Kg4 {[%clk 00:00:54]}
{[%emt 00:00:54]} 62. Kxe5 {[%clk 00:01:27]} {[%emt 00:01:19]} g1=Q {[%clk
00:00:58]} {[%emt 00:00:27]} 63. Qf4+ {[%clk 00:01:49]} {[%emt 00:00:07]} Kh5
{[%clk 00:00:51]} {[%emt 00:00:35]} 64. Qf3 {[%clk 00:01:55]} {[%emt 00:00:26]}
Qg4 {[%clk 00:01:11]} {[%emt 00:00:10]} 65. Qf8 {[%clk 00:02:19]} {[%emt
00:00:06]} Qg3+ {[%clk 00:00:47]} {[%emt 00:00:53]} 66. Ke6 {[%clk 00:02:45]}
{[%emt 00:00:05]} Qb3+ {[%clk 00:01:01]} {[%emt 00:00:16]} 67. Ke5 {[%clk
00:03:05]} {[%emt 00:00:08]} Qb5+ {[%clk 00:01:23]} {[%emt 00:00:09]} 68. Ke6
{[%clk 00:03:31]} {[%emt 00:00:04]} Qd7+ {[%clk 00:01:49]} {[%emt 00:00:04]} 69.
Ke5 {[%clk 00:03:55]} {[%emt 00:00:06]} Qd4+ {[%clk 00:02:17]} {[%emt
00:00:03]} 70. Ke6 {[%clk 00:04:17]} {[%emt 00:00:07]} Qxe4+ {[%clk 00:02:41]}
{[%emt 00:00:07]} 0-1

[Event "FIDE World Cup 2025"]
[Site "Goa, India"]
[Date "2025.11.01"]
[Round "1.13"]
[White "Woodward, Andy"]
[Black "Gusain, Himal"]
[Result "1-0"]
[TimeControl ": 90 minutes for the first 40 moves, followed by 30 minutes for the rest of the gamewith an increment of 30 seconds per move starting from move 1"]
[WhiteFideId "30953499"]
[BlackFideId "5033861"]
[WhiteElo "2557"]
[BlackElo "2476"]

1. d4 {[%clk 01:30:56]} {[%emt 00:00:03]} d5 {[%clk 01:30:54]} {[%emt
00:00:07]} 2. c4 {[%clk 01:31:17]} {[%emt 00:00:09]} dxc4 {[%clk 01:31:16]}
{[%emt 00:00:08]} 3. e4 {[%clk 01:29:33]} {[%emt 00:02:13]} e5 {[%clk
01:31:37]} {[%emt 00:00:08]} 4. Nf3 {[%clk 01:29:57]} {[%emt 00:00:07]} Bb4+
{[%clk 01:31:59]} {[%emt 00:00:09]} 5. Nc3 {[%clk 01:30:11]} {[%emt 00:00:16]}
exd4 {[%clk 01:32:18]} {[%emt 00:00:11]} 6. Nxd4 {[%clk 01:29:15]} {[%emt
00:01:27]} Nd7 {[%clk 01:32:35]} {[%emt 00:00:13]} 7. Bxc4 {[%clk 01:29:34]}
{[%emt 00:00:11]} Ngf6 {[%clk 01:32:57]} {[%emt 00:00:07]} 8. Bxf7+ {[%clk
01:22:13]} {[%emt 00:07:52]} Kxf7 {[%clk 01:33:18]} {[%emt 00:00:09]} 9. Qb3+
{[%clk 01:22:39]} {[%emt 00:00:05]} Ke8 {[%clk 01:09:25]} {[%emt 00:24:23]} 10.
O-O {[%clk 01:22:50]} {[%emt 00:00:19]} Bd6 {[%clk 00:50:05]} {[%emt 00:19:49]}
11. Ne6 {[%clk 01:10:41]} {[%emt 00:12:38]} Qe7 {[%clk 00:48:32]} {[%emt
00:02:04]} 12. Nd5 {[%clk 01:10:18]} {[%emt 00:00:54]} Nxd5 {[%clk 00:44:42]}
{[%emt 00:04:20]} 13. exd5 {[%clk 01:10:40]} {[%emt 00:00:08]} Nc5 {[%clk
00:39:46]} {[%emt 00:05:26]} 14. Nxc5 {[%clk 01:09:25]} {[%emt 00:01:45]} Bxc5
{[%clk 00:40:11]} {[%emt 00:00:05]} 15. Bf4 {[%clk 01:08:01]} {[%emt 00:01:53]}
Rf8 {[%clk 00:32:50]} {[%emt 00:07:51]} 16. Rae1 {[%clk 01:00:43]} {[%emt
00:07:49]} Rxf4 {[%clk 00:29:02]} {[%emt 00:04:18]} 17. Rxe7+ {[%clk 01:00:44]}
{[%emt 00:00:29]} Bxe7 {[%clk 00:28:58]} {[%emt 00:00:34]} 18. Re1 {[%clk
00:51:23]} {[%emt 00:09:51]} Rf7 {[%clk 00:28:51]} {[%emt 00:00:37]} 19. Qc2
{[%clk 00:51:26]} {[%emt 00:00:28]} g6 {[%clk 00:25:07]} {[%emt 00:04:13]} 20.
Qxc7 {[%clk 00:49:13]} {[%emt 00:02:44]} Kf8 {[%clk 00:25:09]} {[%emt
00:00:27]} 21. Qe5 {[%clk 00:48:58]} {[%emt 00:00:44]} Bf6 {[%clk 00:23:44]}
{[%emt 00:01:55]} 22. Qe8+ {[%clk 00:45:27]} {[%emt 00:04:02]} Kg7 {[%clk
00:23:58]} {[%emt 00:00:16]} 23. d6 {[%clk 00:45:42]} {[%emt 00:00:15]} b6
{[%clk 00:19:39]} {[%emt 00:04:50]} 24. Re7 {[%clk 00:45:51]} {[%emt 00:00:21]}
Bxe7 {[%clk 00:19:50]} {[%emt 00:00:19]} 25. dxe7 {[%clk 00:46:15]} {[%emt
00:00:06]} Bb7 {[%clk 00:20:12]} {[%emt 00:00:07]} 26. Qd8 {[%clk 00:46:40]}
{[%emt 00:00:05]} Bc6 {[%clk 00:18:15]} {[%emt 00:02:27]} 27. h3 {[%clk
00:46:10]} {[%emt 00:01:01]} Rxd8 {[%clk 00:14:17]} {[%emt 00:04:28]} 28.
exd8=Q {[%clk 00:46:30]} {[%emt 00:00:10]} Bd7 {[%clk 00:14:44]} {[%emt
00:00:03]} 29. g4 {[%clk 00:45:11]} {[%emt 00:01:49]} h6 {[%clk 00:14:59]}
{[%emt 00:00:15]} 30. Qb8 {[%clk 00:45:17]} {[%emt 00:00:24]} h5 {[%clk
00:13:20]} {[%emt 00:02:09]} 31. Qxa7 {[%clk 00:44:54]} {[%emt 00:00:54]} hxg4
{[%clk 00:13:45]} {[%emt 00:00:05]} 32. hxg4 {[%clk 00:45:16]} {[%emt
00:00:08]} Bxg4 {[%clk 00:14:10]} {[%emt 00:00:04]} 33. Qxb6 {[%clk 00:45:39]}
{[%emt 00:00:07]} Bf3 {[%clk 00:14:29]} {[%emt 00:00:11]} 34. Qd4+ {[%clk
00:45:27]} {[%emt 00:00:42]} Kh6 {[%clk 00:14:44]} {[%emt 00:00:15]} 35. b4
{[%clk 00:45:37]} {[%emt 00:00:21]} g5 {[%clk 00:15:08]} {[%emt 00:00:06]} 36.
Qh8+ {[%clk 00:45:22]} {[%emt 00:00:44]} Kg6 {[%clk 00:15:32]} {[%emt
00:00:05]} 37. Qg8+ {[%clk 00:45:49]} {[%emt 00:00:04]} Kf6 {[%clk 00:15:56]}
{[%emt 00:00:06]} 38. a4 {[%clk 00:46:07]} {[%emt 00:00:12]} g4 {[%clk
00:16:18]} {[%emt 00:00:08]} 39. Kh2 {[%clk 00:46:03]} {[%emt 00:00:34]} Rd7
{[%clk 00:16:41]} {[%emt 00:00:08]} 40. b5 {[%clk 00:46:21]} {[%emt 00:00:11]}
Rd1 {[%clk 00:16:44]} {[%emt 00:00:27]} 41. Kg3 {[%clk 00:46:27]} {[%emt
00:00:23]} Rg1+ {[%clk 00:16:40]} {[%emt 00:00:35]} 42. Kf4 {[%clk 00:46:48]}
{[%emt 00:00:09]} Rf1 {[%clk 00:16:56]} {[%emt 00:00:15]} 43. Qc4 {[%clk
00:47:06]} {[%emt 00:00:11]} 1-0

[Event "FIDE World Cup 2025"]
[Site "Goa, India"]
[Date "2025.11.01"]
[Round "1.14"]
[White "Fawzy, Adham"]
[Black "Bai, Jinshi"]
[Result "0-1"]
[TimeControl ": 90 minutes for the first 40 moves, followed by 30 minutes for the rest of the gamewith an increment of 30 seconds per move starting from move 1"]
[WhiteFideId "10613129"]
[BlackFideId "8602280"]
[WhiteElo "2476"]
[BlackElo "2590"]

1. e4 {[%clk 01:30:37]} {[%emt 00:00:22]} e5 {[%clk 01:30:41]} {[%emt
00:00:20]} 2. Nf3 {[%clk 01:30:36]} {[%emt 00:00:30]} Nf6 {[%clk 01:30:46]}
{[%emt 00:00:24]} 3. Nc3 {[%clk 01:30:42]} {[%emt 00:00:25]} Nc6 {[%clk
01:31:02]} {[%emt 00:00:15]} 4. Nd5 {[%clk 01:30:23]} {[%emt 00:00:48]} Bc5
{[%clk 01:30:34]} {[%emt 00:00:58]} 5. c3 {[%clk 01:25:36]} {[%emt 00:05:18]}
O-O {[%clk 01:29:50]} {[%emt 00:01:14]} 6. d3 {[%clk 01:25:43]} {[%emt
00:00:23]} Nxd5 {[%clk 01:29:36]} {[%emt 00:00:44]} 7. exd5 {[%clk 01:25:51]}
{[%emt 00:00:22]} Ne7 {[%clk 01:29:53]} {[%emt 00:00:13]} 8. Nxe5 {[%clk
01:25:39]} {[%emt 00:00:42]} Nxd5 {[%clk 01:30:00]} {[%emt 00:00:24]} 9. d4
{[%clk 01:25:36]} {[%emt 00:00:33]} d6 {[%clk 01:27:55]} {[%emt 00:02:35]} 10.
Nc4 {[%clk 01:19:21]} {[%emt 00:06:45]} Re8+ {[%clk 01:24:32]} {[%emt
00:03:53]} 11. Be2 {[%clk 01:16:57]} {[%emt 00:02:54]} Bg4 {[%clk 01:24:19]}
{[%emt 00:00:44]} 12. Be3 {[%clk 01:01:06]} {[%emt 00:16:21]} Bxe2 {[%clk
01:10:16]} {[%emt 00:14:33]} 13. Qxe2 {[%clk 01:01:19]} {[%emt 00:00:17]} Bb6
{[%clk 01:05:27]} {[%emt 00:05:20]} 14. Qf3 {[%clk 00:51:59]} {[%emt 00:09:49]}
c6 {[%clk 01:03:36]} {[%emt 00:02:21]} 15. O-O {[%clk 00:51:34]} {[%emt
00:00:55]} Bc7 {[%clk 01:00:41]} {[%emt 00:03:26]} 16. a4 {[%clk 00:44:50]}
{[%emt 00:07:13]} Qh4 {[%clk 00:52:30]} {[%emt 00:08:41]} 17. Rae1 {[%clk
00:40:43]} {[%emt 00:04:36]} Re6 {[%clk 00:49:21]} {[%emt 00:03:40]} 18. Bd2
{[%clk 00:37:47]} {[%emt 00:03:26]} Rae8 {[%clk 00:48:47]} {[%emt 00:01:04]} 19.
Rxe6 {[%clk 00:36:32]} {[%emt 00:01:45]} Rxe6 {[%clk 00:49:10]} {[%emt
00:00:07]} 20. b4 {[%clk 00:33:19]} {[%emt 00:03:42]} Nf6 {[%clk 00:35:23]}
{[%emt 00:14:17]} 21. Bf4 {[%clk 00:13:48]} {[%emt 00:20:01]} Ne4 {[%clk
00:26:07]} {[%emt 00:09:45]} 22. Bg3 {[%clk 00:06:12]} {[%emt 00:08:06]} Qf6
{[%clk 00:19:32]} {[%emt 00:07:05]} 23. Rc1 {[%clk 00:00:44]} {[%emt 00:05:59]}
Qg6 {[%clk 00:18:32]} {[%emt 00:01:30]} 24. Ne3 {[%clk 00:00:38]} {[%emt
00:00:35]} h5 {[%clk 00:18:14]} {[%emt 00:00:48]} 25. Bh4 {[%clk 00:00:31]}
{[%emt 00:00:37]} d5 {[%clk 00:17:51]} {[%emt 00:00:53]} 26. h3 {[%clk
00:00:31]} {[%emt 00:00:30]} Nxc3 {[%clk 00:16:44]} {[%emt 00:01:37]} 27. b5
{[%clk 00:00:37]} {[%emt 00:00:25]} Qd3 {[%clk 00:13:26]} {[%emt 00:03:48]} 28.
Kh1 {[%clk 00:01:06]} {[%emt 00:00:01]} Qd2 {[%clk 00:13:14]} {[%emt 00:00:42]}
29. Rf1 {[%clk 00:00:50]} {[%emt 00:00:45]} Qxd4 {[%clk 00:13:14]} {[%emt
00:00:29]} 30. Qxh5 {[%clk 00:00:41]} {[%emt 00:00:39]} Rh6 {[%clk 00:11:57]}
{[%emt 00:01:47]} 31. Qf5 {[%clk 00:00:33]} {[%emt 00:00:38]} Qxh4 {[%clk
00:11:58]} {[%emt 00:00:28]} 0-1